Tilastot visalle Kirjaimella G alkavien valtioiden liput

Klikkaa tästä pelataksesi tätä visaa!

Yleistilastot

  • Tätä visaa on pelattu 10 kertaa
  • Keskiarvotulos 8 / 9

Vastaustilastot

Vastaus% Oikein
Georgia
100%
Gabon
90%
Ghana
90%
Guatemala
90%
Guinea
90%
Gambia
80%
Guyana
80%
Grenada
70%
Guinea-Bissau
70%

Tulosjakauma

Persentiili vastausten määrän mukaan

Jokaisen tuloksen saaneiden osuus

Tuloshistoriasi

Et ole pelannut tätä visaa